| 000 | 00696cam a2200217 a 4500 | ||
|---|---|---|---|
| 001 | 000010524 | ||
| 005 | 20200929162237.0 | ||
| 008 | 831129s1965 sp 001 0 spa d | ||
| 040 |
_aDO-SdBNP _bspa _cLC _dBNPHU |
||
| 082 |
_a868.6209 _bO77ó,1965 |
||
| 100 | 1 |
_aOrtega y Gasset, José, _d1883-1955. _95769 |
|
| 245 | 1 | 0 |
_aObras completas / _cJosé Ortega y Gasset. |
| 250 | _a2a ed. | ||
| 260 |
_aMadrid : _bRevista de Occiente, _c1965. |
||
| 300 |
_av. ; _c23 cm. |
||
| 500 | _aLa biblioteca sólo posee el tomo 8. | ||
| 600 | 1 | 0 |
_aORTEGA Y GASET, JOSÉ, _d1883-1955 _xCOLECCIONES DE ESCRITOS _925530 |
| 650 | 4 |
_aLiteratura española _9632 |
|
| 910 | _aCatalogación derivada | ||
| 049 | _aBNGR | ||
| 999 |
_c10282 _d10282 |
||